Central Library OPAC University of Rajshahi

Secret diplomacy : (Record no. 41979)

MARC details
000 -LEADER
fixed length control field 01020nam a2200289 a 4500
001 - CONTROL NUMBER
control field 41979
003 - CONTROL NUMBER IDENTIFIER
rucl marc code BD-RjUL
005 - DATE AND TIME OF LATEST TRANSACTION
control field 20211209053458.0
008 - FIXED-LENGTH DATA ELEMENTS--GENERAL INFORMATION
fixed length control field 160608s19631937enkcfh b 001 0 eng
035 ## - SYSTEM CONTROL NUMBER
System control number (BD-RjUL)42097
040 ## - CATALOGING SOURCE
Original cataloging agency DLC
Transcribing agency MHR
Modifying agency EQO
-- BD-RjUL
Language of cataloging eng
041 ## - LANGUAGE CODE
Language code of text/sound track or separate title eng
082 ## - DEWEY DECIMAL CLASSIFICATION NUMBER
Classification number 341.70903
Edition number 23
Author mark and year THS 1963
100 1# - MAIN ENTRY--PERSONAL NAME
Personal name Thompson, James Westfall,
Dates associated with a name 1869-1941.
9 (RLIN) 129045
245 10 - TITLE STATEMENT
Title Secret diplomacy :
Remainder of title a record of espionage and double-dealing, 1500-1815 /
Statement of responsibility, etc. by J.W. Thompson & S.K. Padover ; with 18 illustrations.
260 ## - PUBLICATION, DISTRIBUTION, ETC. (IMPRINT)
Place of publication, distribution, etc. London :
Name of publisher, distributor, etc. Jarrolds,
Date of publication, distribution, etc. 1937.
300 ## - PHYSICAL DESCRIPTION
Pagination 286 p. :
Illustrations ill ;
Size 22 cm.
500 ## - GENERAL NOTE
General note "Appendix: Cryptography": p. 253-263.
504 ## - BIBLIOGRAPHY, ETC. NOTE
Bibliography, etc Bibliography: p. 265-278. Includes index.
650 #0 - SUBJECT ADDED ENTRY--TOPICAL TERM
Topical term or geographic name as entry element Diplomacy
General subdivision History.
9 (RLIN) 129046
Topical term or geographic name as entry element Secret service
9 (RLIN) 129047
Topical term or geographic name as entry element Cryptography
9 (RLIN) 119664
651 #0 - SUBJECT ADDED ENTRY--GEOGRAPHIC NAME
Geographic name Europe
General subdivision Politics and government.
9 (RLIN) 129048
700 1# - ADDED ENTRY--PERSONAL NAME
Personal name Padover, Saul Kussiel,
Dates associated with a name 1905-1981.
942 ## - ADDED ENTRY ELEMENTS (KOHA)
Source of classification or shelving scheme Dewey Decimal Classification
Koha item type Books
Holdings
Lost status Source of classification or shelving scheme Damaged status Not for loan Collection code Permanent Location Current Location Shelving location Date acquired Source of acquisition Cost, normal purchase price Total Checkouts Full call number Date last seen Copy number Koha item type
  Dewey Decimal Classification     Non-fiction Central Library, University of Rajshahi Central Library, University of Rajshahi   30/11/1968 Zeithinger 52.60   341.70903 THS 1963 08/06/2016 C-2 Books